Responses for show #2898 - Wednesday, March 19, 1997

Contestants

[<< previous game]

Carole Smith, a regulations writer from Washington, D.C.

Martin Smith, a new home sales assistant originally from Leeds, Yorkshire England

Steve Douches, a high school math teacher from Fairfax, Virginia (whose 1-day cash winnings total $4,599)

[next game >>]

Jeopardy! Round responses

COUNTRIES OF THE WORLD
SONGS
THE THIRD
SPORTS
FASHION
SCIENCE
    $100 7
South Africa

Steve
    $100 12
Mr. Tambourine Man

Steve
    $100 17
The Moon

Martin
    $100 1
Los Angeles Dodgers

Steve
    $100 6
Leggs

Steve
    $100 22
Gills

Carole
    $200 8
The Netherlands/Holland

Martin
    $200 13
Pass the ammunition

Steve
    $200 18
Thomas Jefferson

Steve
    $200 2
Basketball

Steve
    $200 25
Ralph Lauren

Carole
    $200 23
Eye

Martin
    $300 9
Lebanon

Steve
    $300 14
Through the grapevine

Steve
    $300 19
Prancer

Carole
    $300 3
Buffalo

Steve
    $300 26
Victoria's Secret

Steve
    $300 24
Sunspots

Martin
    $400 10
Slovakia

Martin
    $400 15
stormy weather

Carole
    $400 20
All Quiet On The Western Front

Steve
    $400 4
Lou Holtz

Steve
    $400 27
Lipstick/nail polish

Steve
    $400 29
Saturn

Steve
    $500 11
Malaysia

Steve
    $500 16
"All My Loving"

Martin
    $800 21
(S: Who was George III?)
(Alex: Martin, I bet, would have gotten this one since he's from Yorkshire.)

Richard III

Steve
    $500 5
Ryder Cup

Carole
    $500 28
Tommy Hilfiger

Carole
    $500 30
Ibuprofen

Steve

Scores at the first commercial break (after clue 15):

Steve Martin Carole
$2,600 $600 $900

Scores at the end of the Jeopardy! Round:

Steve Martin Carole
$4,000 $1,700 $2,000

Double Jeopardy! Round responses

AMERICAN HISTORY
HOSPITALS
ART
9-LETTER WORDS
LITERARY HODGEPODGE
ENDINGS
    $200 17
(M: What is Massachusetts Colony?)

Plymouth Colony

SteveMartin
    $200 8
Cardiology

Steve
    $200 3
Whirlpool

Steve
    $200 1
The Time Machine

Martin
    $200 22
1960s

Steve
    $400 18
Alf Landon

Martin
    $400 9
Florence Nightingale

Steve
    $400 27
Rembrandt

Steve
    $400 4
a reservoir

Carole
    $400 2
Gothic

Steve
    $400 23
(S: What is a divorce?)

Annulment

SteveMartin
    $600 19
Secretary of State

Steve
    $600 10
Test-tube baby

Steve
    $600 28
[The end-of-round signal sounds.]

Titian

Steve
    $600 5
Deciduous

Carole
    $600 13
Virginia Woolf

Carole
    $800 20
(M: Who is Khrushchev?)
(C: Who is Anatoly Dobrynin?)

Alexei Kosygin

MartinCarole
Triple Stumper
    $800 11
Harvard

Steve
    $800 16
Toulouse Lautrec

Steve
    $800 6
Galvanize

Carole
    $800 14
Giovanni Boccaccio

Carole
    $3,600 26
End of the Second World War

Martin
    $1000 21
(C: Who is Zachary Scott?)
(M: Who is Zachary Taylor?)

Winfield Scott

MartinCarole
Triple Stumper
    $1,400 12
(S: What is London?)

Jerusalem

Steve
    $1000 25
(we have a minute to go...)

Marc Chagall

Martin
    $1000 7
Etymology

Steve
    $1000 15
(C: Who is Sir Walter Scott?)

Robert Louis Stevenson

MartinCarole
    $1000 24
The end of the world

Martin

Scores at the end of the Double Jeopardy! Round:

Steve Martin Carole
$8,600 $7,300 $2,400

[wagering suggestions for these scores]

Final Jeopardy! Round responses

OSCAR WINNERS
(Alex: The Academy Awards are coming up - how appropriate!)
(Alex: She won in screenwriting for "Sense And Sensibility" & acting for "Howards End." Orson Welles never won an Oscar for acting.)
Carole[What] Who is Emma Thompson?
$2,000
MartinWho is Orson Welles?
$2,100
SteveWhat is Emma Thompson?
$6,001
Emma Thompson

Final scores:

Steve Martin Carole
$14,601 $5,200 $4,400
2-day champion: $19,200 2nd place: Trip to the Tryall Club Resort & Villas, Jamaica 3rd place: Meade Model 395 Telescope

Game dynamics:

Coryat scores:

Steve Martin Carole
$10,800 $4,500 $2,400
30 R,
3 W
(including 2 DDs)
13 R
(including 1 DD),
3 W
11 R,
3 W

Combined Coryat: $17,700

The J! Archive is created by fans, for fans. The Jeopardy! game show and all elements thereof, including but not limited to copyright and trademark thereto, are the property of Jeopardy Productions, Inc. and are protected under law. This website is not affiliated with, sponsored by, or operated by Jeopardy Productions, Inc. Join the discussion at JBoard.tv.